[Event "Ivrea Autumn 21st"]
[Site "Ivrea"]
[Date "2010.10.30"]
[Round "5"]
[White "Petrone, Denise"]
[Black "Papalini, Claudio"]
[Result "0-1"]
[WhiteElo "1404"]
[BlackElo "1718"]
[PlyCount "92"]
[EventDate "2010.10.07"]
[EventType "swiss"]
[EventRounds "9"]
[EventCountry "ITA"]
[SourceTitle "EXT 2024"]
[Source "ChessBase"]
[SourceDate "2023.10.10"]
[SourceVersion "1"]
[SourceVersionDate "2023.10.10"]
[SourceQuality "1"]

1. e4 e6 2. d4 d5 3. e5 b6 4. Nc3 c5 5. Nf3 Ba6 6. Bxa6 Nxa6 7. 0-0 Qd7 8. Be3 h6 9. Qd3 Nc7 10. dxc5 bxc5 11. b3 Qc6 12. Na4 Rd8 13. c4 d4 14. Bd2 Ne7 15. Rfe1 Nc8 16. Qe4 Qxe4 17. Rxe4 Nb6 18. Nxb6 axb6 19. Rb1 Be7 20. h3 0-0 21. b4 Rb8 22. bxc5 bxc5 23. Rxb8 Rxb8 24. Ba5 Na6 25. Re1 Rb7 26. Rd1 Rb2 27. Rd2 Rb7 28. Rc2 Rb1+ 29. Kh2 Nb4 30. Bxb4 Rxb4 31. Nd2 Bg5 32. a3 Ra4 33. Nb1 Bf4+ 34. g3 Bxe5 35. f4 Bf6 36. Nd2 Rxa3 37. Rb2 Be7 38. Rb7 Bf8 39. Rb8 Ra2 40. Kg1 Rxd2 41. Kf1 Rc2 42. Ra8 Rxc4 43. Ra3 Rb4 44. Ke2 c4 45. Kd2 Rb2+ 46. Kc1 Bxa3 0-1